000
00255nam a22000857a 4500
008
161124b xxu||||| |||| 00| 0 eng d
100
_9
1377
_a
CBSE
245
_a
Guidlines for mathematics laboratory in schools - ix
260
_a
New delhi
_b
National book trust
_c
2005
999
_c
4092
_d
4092